| 000 | 00384nam a2200133Ia 4500 | ||
|---|---|---|---|
| 005 | 20260328104345.0 | ||
| 008 | 260328s9999||||xx |||||||||||||| ||und|| | ||
| 100 | _aFondation Le Corbusier | ||
| 245 | 0 |
_a1922 – Ausblick auf eine Architektur (Bauwelt Fundamente, 002) / _cFondation Le Corbusier |
|
| 260 | _bBirkhäuser | ||
| 300 | _a215 p. | ||
| 650 | _aLe Corbusier | ||
| 942 | _cBK | ||
| 999 |
_c12285 _d12285 |
||